Quebec Counties Quiz with a Map - Statistics

General Stats
  • This quiz has been taken 706 times
  • The average score is 25 of 104
Answers on the Map
Answers color-coded by a green-red scale on the quiz's map according to % correct below.
 
Answer Stats
Type County % Correct
TE Montreal
90%
TE Quebec
85%
TE Laval
69%
MRC La Cote-de-Gaspe
62%
TE Gatineau
60%
TE Sherbrooke
60%
MRC La Vallee-de-la-Gatineau
59%
TE Trois-Rivieres
57%
MRC Le-Fjord-du-Saguenay
55%
TE Saguenay
55%
TE Longueuil
49%
TE Levis
43%
MRC Rimouski-Neigette
42%
MRC Drummond
39%
MRC Abitibi
37%
MRC Abitibi-Ouest
37%
TE Iles-de-la-Madeleine
35%
MRC Beauce-Sartigan
32%
MRC La Haute-Cote-Nord
32%
MRC La Nouvelle-Beauce
32%
MRC Lac-Saint-Jean-Est
31%
MRC Riviere-du-Loup
31%
MRC Charlevoix
30%
MRC Charlevoix-Est
30%
MRC Le Rocher-Perce
30%
MRC Les Laurentides
30%
TE Shawinigan
30%
MRC Le Haut-Saint-Laurent
29%
TE Rouyn-Noranda
29%
MRC Le Golfe-du-Saint-Laurent
27%
MRC L'Ile-D'Orleans
27%
MRC Temiscamingue
27%
MRC Joliette
26%
MRC La Vallee-de-l'Or
26%
MRC La Vallee-du-Richelieu
26%
MRC Le Haut-Richelieu
26%
MRC La Matapedia
24%
TE Mirabel
23%
MRC Vaudreuil-Soulanges
23%
MRC La Haute-Gaspesie
22%
MRC Pontiac
22%
TE La Tuque
21%
MRC Nicolet-Yamaska
21%
MRC Beauharnois-Salaberry
19%
MRC Jamesie
19%
MRC La Haute-Yamaska
19%
MRC Manicouagan
19%
MRC Arthabaska
18%
MRC Bellechasse
18%
MRC Bonaventure
18%
MRC Kamouraska
18%
MRC Temiscouata
18%
MRC Brome-Missisquoi
17%
MRC La-Cote-de-Beaupre
17%
MRC La Jacques-Cartier
17%
MRC Le-Domaine-du-Roy
17%
MRC Les Appalaches
17%
MRC Montmagny
17%
MRC Portneuf
17%
MRC Antoine-Labelle
16%
MRC Deux-Montagnes
16%
MRC L'Erable
16%
MRC Lotbiniere
16%
MRC Argenteuil
15%
MRC Le Haut-Saint-Francois
15%
MRC Les Basques
15%
MRC L'Islet
15%
MRC Becancour
14%
MRC Coaticook
14%
TE Eeyou Istchee
14%
MRC La Matanie
14%
MRC L'Assomption
14%
MRC Le Granit
14%
MRC Les Collines-de-l'Outaouais
14%
MRC Le Val-Saint-Francois
14%
MRC Sept-Rivieres
14%
TE Kativik
13%
MRC Minganie
13%
MRC Papineau
13%
MRC Pierre-De Saurel
13%
MRC Roussillon
13%
MRC Acton
12%
MRC Avignon
12%
MRC La Mitis
12%
MRC Les Etchemins
12%
MRC Maskinonge
12%
MRC Matawinie
12%
MRC Montcalm
12%
MRC Caniapiscau
11%
MRC Les Pays-d'en-Haut
11%
MRC Les Sources
11%
MRC Memphremagog
11%
MRC La Riviere-du-Nord
10%
MRC Les Jardins-de-Napierville
10%
MRC Les Maskoutains
10%
MRC Les Moulins
10%
MRC Maria-Chapdelaine
10%
MRC Therese-de-Blainville
10%
MRC D'Autray
9%
MRC Marguerite-D'Youville
9%
MRC Mekinac
8%
MRC Rouville
8%
MRC Robert-Cliche
6%
MRC Les Chenaux
5%
No matching quizzes found
Score Distribution
Percent of People with Each Score
Percentile by Number Answered
Your Score History
You have not taken this quiz